00446nmm a2200169Ia 4500008004100000020001800041041000800059100002000067245002200087264004100109300001800150490001400168650001900182856005100201942000700252999001700259251105s9999||||xx |||||||||||||||||und|| a9788491127963 aspa aRagazzoni, Ruth 0aEnigmas de espuma a[Madrid, España] :bLantia, c2017 a142 páginas aCaligrama aSpanish poetry uhttps://public.digitaliapublishing.com/a/88261 cCF c88260d88260